LEADER 01205nam a2200337 i 4500 001 991003073539707536 005 20021122115208.0 008 020930s2001 uk ||| | eng 020 $a0521805864$c106,35 035 $ab11750856-39ule_inst 035 $aLE00646132$9ExL 040 $aDip.to Fisica$bita 082 0 $a53.1.3 082 0 $a53.1.54 082 0 $a530.14 082 0 $aQC174.26 100 1 $aBelinski, V.$0530322 245 10$aGravitational solitons /$cV. Belinski, E. Verdaguer 260 $aCambridge ; New York :$bCambridge University Press,$c2001 300 $axiii, 258 p. :$bill. ;$c25 cm. 490 0 $aCambridge monographs on mathematical physics 500 $aIncludes bibliographical references and index. 650 4$aGravitational waves 650 4$aSolitons 700 1 $aVerdaguer, E.$eauthor$4http://id.loc.gov/vocabulary/relators/aut$0735957 907 $a.b11750856$b27-04-17$c22-11-02 912 $a991003073539707536 945 $aLE006 53.1.5 BEL$g1$i2006000087421$lle006$o-$pE0.00$q-$rl$s- $t0$u0$v0$w0$x0$y.i11993443$z22-11-02 996 $aGravitational solitons$91454028 997 $aUNISALENTO 998 $ale006$b01-01-02$cm$da $e-$feng$guk $h0$i1 LEADER 01168nam0 22002771i 450 001 UON00227416 005 20231205103443.402 010 $a88-324-4306-6 100 $a20030730d2001 |0itac50 ba 101 $aita 102 $aIT 105 $a|||| ||||| 200 1 $a Testo Unico sulla semplificazione amministrativa$eguida operativa per enti locali e uffici pubblici al Dpr 445/2000$fGiovanni Pizzo$gMario Canton 210 $aMilano$cIl Sole 24 0re$d2001. VI$d287 p. ; 24 cm. 606 $aDecentramento amministrativo$3UONC035187$2FI 606 $aSEMPLIFICAZIONE AMMINISTRATIVA STUDI$3UONC045713$2FI 620 $aIT$dMilano$3UONL000005 700 1$aPIZZO$bGiovanni$3UONV137767$0499088 701 1$aCANTON$bMario$3UONV137768$0425331 712 $aIl Sole 24 Ore$3UONV265638$4650 801 $aIT$bSOL$c20251121$gRICA 899 $aSIBA - SISTEMA BIBLIOTECARIO DI ATENEO$2UONSI 912 $aUON00227416 950 $aSIBA - SISTEMA BIBLIOTECARIO DI ATENEO$dSI PUB C 1029 $eSI SC 36691 5 1029 996 $aTesto unico sulla semplificazione amministrativa$9738198 997 $aUNIOR